书目信息 |
| 题名: |
日本新建筑 办公.体育.综合设施.园林
|
|
| 作者: | 徐苏宁 主编 | |
| 分册: | ||
| 出版信息: | 哈尔滨 黑龙江科学技术出版社 1998.06 |
|
| 页数: | 208页 | |
| 开本: | 16开 | |
| 丛书名: | ||
| 单 册: | ||
| 中图分类: | TU-881.313 | |
| 科图分类: | ||
| 主题词: | 建筑艺术--图集 | |
| 电子资源: | ||
| ISBN: | 7-5388-2344-1 | |
| 000 | 00633nam0 2200193 45 | |
| 001 | 0007261708 | |
| 005 | 20010330090417.3 | |
| 010 | @a7-5388-2344-1@d75.00元 | |
| 100 | @a20000726d1998 km y0chiy0120 ea | |
| 101 | 0 | @achi |
| 105 | @a z 000yy | |
| 200 | 1 | @a日本新建筑 办公.体育.综合设施.园林@ARi Ben Xin Jian Zhu Ban Gong.Ti Yu.Zong He She Shi.Yuan Lin@f徐苏宁等主编@FXu Su Ning Deng Zhu Bian |
| 210 | @a哈尔滨@c黑龙江科学技术出版社@d1998.06 | |
| 215 | @a208页@d16开 | |
| 606 | 0 | @a建筑艺术@x图集 |
| 690 | @aTU-881.313@v3 | |
| 701 | 0 | @a徐苏宁@4主编 |
| 801 | @aCN@bPftUser@c20000726 | |
| 905 | @dTU-881.313@eX590/1@b334350-352@f3 | |
| 日本新建筑 办公.体育.综合设施.园林/徐苏宁等主编.-哈尔滨:黑龙江科学技术出版社,1998.06 |
| 208页;16开 |
| ISBN 7-5388-2344-1:75.00元 |
| ● |
| 相关链接 |
|
|
|
正题名:日本新建筑办公·体育·综合设施·园林
索取号:TU-881.313/X590/1
 
预约/预借
| 序号 | 登录号 | 条形码 | 馆藏地/架位号 | 状态 | 备注 |
| 1 | 334350 | 203343505 | 建筑库101/101建筑库 23排2列3层/ [索取号:TU-881.313/X590/1] | 在馆 | |
| 2 | 334351 | 203343514 | 建筑库101/101建筑库 23排2列3层/ [索取号:TU-881.313/X590/1] | 在馆 | |
| 3 | 334352 | 203343523 | 自科二线404/404自科库 6排1列4层/ [索取号:TU-881.313/X590/1] | 在馆 |